| 000 | 00597nam a22001935i 4500 | ||
|---|---|---|---|
| 001 | 171443 | ||
| 003 | ES-MaACL | ||
| 005 | 20230906214633.0 | ||
| 008 | 090514s1977 sp |||| | spa d | ||
| 080 | _a338.98(470) | ||
| 100 | 1 |
_aSokoloff, Georges. _9140157 |
|
| 245 | 1 | 3 |
_aLa economía de la U.R.S.S. al desnudo / _cGeorges Sokoloff ; [traductor Rodrigo Rama]. |
| 250 | _a[1ª ed.]. | ||
| 260 |
_a[Barcelona] : _bDopesa, _c[1977] |
||
| 300 |
_a246 p. ; _c24 cm. |
||
| 651 | 4 |
_aURSS- _xPolítica económica. _99477 |
|
| 700 | 1 |
_aRama, Rodrigo. _9140158 |
|
| 852 |
_aES-MaACL _jA-6670 _9R.95530 |
||
| 999 |
_c171443 _d171443 |
||